Problemas de matemática discreta /
Guardado en:
| Autor Principal: | |
|---|---|
| Otros Autores: | |
| Formato: | Libro |
| Idioma: | Spanish Russian |
| Publicado: |
Moscú :
Editorial Mir,
c1980.
|
| Etiquetas: |
Agregar Etiqueta
Sin Etiquetas, Sea el primero en etiquetar este registro!
|
| LEADER | 00795nam a22002055a 4500 | ||
|---|---|---|---|
| 001 | MAT.inmabb002792 | ||
| 008 | 050914s1980####ru#a#####b####001#0#spa#d | ||
| 005 | 20160616113853.0 | ||
| 245 | 1 | 0 | |a Problemas de matemática discreta / |c G. P. Gavrílov, A. A. Sapozhenko ; [traducido del ruso por Bernardo del Río Salceda]. |
| 260 | |a Moscú : |b Editorial Mir, |c c1980. | ||
| 300 | |a 315 p. : |b il. ; |c 23 cm. | ||
| 500 | |a Versión original publicada en 1977. | ||
| 500 | |a Soluciones, resultados e indicaciones: p. 242-[306]. | ||
| 504 | |a Bibliografía: p. 307-[308]. | ||
| 100 | 1 | |a Gavrilov, G. P. | |
| 700 | 1 | |a Sapozhenko, A. A. | |
| 084 | |a 00A05 (03-01 05-01 68-01 00A07) |2 msc2000 | ||
| 041 | 1 | |a spa |h rus | |
| 859 | |h 00A05 |i G283 |p A-5248 |b BIB. MATEMATICA | ||
| 859 | |h 00A05 |i G283 |p A-5249 |t Ej. 2 |b BIB. MATEMATICA | ||
